سانپ اور رسسی / (Record no. 107358)

MARC details
000 -LEADER
fixed length control field 00856nam a22002537a 4500
005 - DATE AND TIME OF LATEST TRANSACTION
control field 20200221110345.0
010 ## - LCCN (DPL NO)
LC control number A-791427-428
020 ## - INTERNATIONAL STANDARD BOOK NUMBER
Terms of availability 180.00
International Standard Book Number 817201810x
035 ## - SYSTEM CONTROL NUMBER
System control number A-791427-428
037 ## - SOURCE OF ACQUISITION
Source of stock number/acquisition Cen Lib/Ret
082 ## - DEWEY DECIMAL CLASSIFICATION NUMBER
Classification number ن
100 ## - MAIN ENTRY--PERSONAL NAME
Personal name راؤ، راجا
245 ## - TITLE STATEMENT
Title سانپ اور رسسی /
Statement of responsibility, etc راجا راو ; ؛ترجمہ بلراج کومل
246 ## - VARYING FORM OF TITLE
Title proper/short title Sanp Aur Rassi /
Remainder of title by Raja Komal ; traslated by Balraj Komal
260 ## - PUBLICATION, DISTRIBUTION, ETC. (IMPRINT)
Place of publication, distribution, etc یدہل نئی
Name of publisher, distributor, etc ساہتیہ اکادمی
Date of publication, distribution, etc 1996 ء
270 ## - ADDRESS
Address رویندرا بھوں ٣٥ فیروز شاہ مارگ
City یدہل نئی
Postal code 110001
300 ## - PHYSICAL DESCRIPTION
Extent 537p.
Dimensions 21cm(Hb)
650 ## - SUBJECT ADDED ENTRY--TOPICAL TERM
Topical term or geographic name as entry element اردو ادب
650 ## - SUBJECT ADDED ENTRY--TOPICAL TERM
Topical term or geographic name as entry element اردو ناول
650 ## - SUBJECT ADDED ENTRY--TOPICAL TERM
Topical term or geographic name as entry element Urdu Literature
650 ## - SUBJECT ADDED ENTRY--TOPICAL TERM
Topical term or geographic name as entry element Urdu novel
700 ## - ADDED ENTRY--PERSONAL NAME
Personal name بلراج کومل
9 (RLIN) 118943
942 ## - ADDED ENTRY ELEMENTS (KOHA)
Source of classification or shelving scheme Dewey Decimal Classification
Item type Urdu Bks
Classification part ن
Call number suffix ر ا و
Holdings
Withdrawn status Lost status Not for loan Home library Current library Date acquired Source of acquisition Cost, normal purchase price Full call number Barcode Copy number Cost, replacement price Koha item type
      Central Library Central Library 07/01/2016 Cen Lib/Ret 180.00 ن ر ا و A-791427 2 180.00 Urdu Bks
      Central Library Central Library 14/01/2016 Cen Lib/Ret 180.00 ن ر ا و A-791428 2 180.00 Urdu Bks

© Delhi Public Library
Hit Counter
free hit counter